000 00531nam a2200181Ia 4500
003 GCL
008 140319s9999 xx 000 0 ara d
040 _aGCL /
_cGCL
082 0 4 _a020.5
_bأ م
245 1 0 _aمكتبات . نت ( مج5 \ ع5-6 )
250 _aالاولى
260 _aالقاهرة :
_bايبيس.كوم ،
_c2004
650 0 4 _aمراكز المعلومات
650 0 4 _aالإنترنت
650 0 4 _aمصادر المعلومات
650 0 4 _aالمكتبات الالكترونية
942 _2ddc
_cCR
999 _c7685
_d7685